=LDR 00000nam 2200000 4500 =001 INLIS000000000055989 =005 20200811082439 =035 ##$$a 0010-0820000130 =007 ta =008 200811###########################0#eng## =020 ##$$a 962-593-167-8 =082 ##$$a 598.959 8 =084 ##$$a 598.959 8 Str t =100 #$$a Morten Strange =245 1#$$a Tropical Birds of Indonesia /$c Morten Strange =260 ##$$a Singapura :$b Periplus Editions,$c 1998 =300 ##$$a 64 Halaman : $b Ilustrasi ; $c 19 Cm. =650 #4$$a Burung Indonesia =700 #$$a Editor: Julia Henderson =520 ##$$a Index: 64 =990 ##$$a 04060406